000 00311nam a2200133Ia 4500
003 OSt
005 20240202161034.0
008 170524s9999 xx 000 0 und d
020 _a8126513349
040 _cIIMT UNIVERSITY MEERUT
100 _aCOHEN
245 0 _aINTRODUCTION TO COMPUTER THEORY
942 _2ddc
_c02
999 _c3938
_d3938